000
00338nam a2200145Ia 4500
008
150201s2001 xx 000 0 und d
082
_a
616.07
_b
O2001A
100
_a
AMBROSIA,ROBERT
245
_a
ORTHOPEDIC INFECTIONS
250
_a
1ST
260
_b
AITBS
_a
DELHI
_c
2001
300
_a
1-542
650
_a
ORAL MEDICINE
942
_2
ddc
_c
BK
999
_c
2955
_d
2955